000
00204 a2200097 4500
001
48247
100
_a
Javed Iq
245
_a
Zinda Dard
260
_a
Lahore
_b
Sheikh Ghulam Ali
_c
090
_c
31202
_d
31202
942
_a
NUST-CAE
_c
M
_c
23562
999
_c
283320
_d
283320